00609nam a22001817a 450000500170000001000150001702000260003203500140005803700130007208200080008510000220009324501580011526000460027330000210031950000500034070000170039070000200040720170821142935.0 aENG-119941 a9788126463794c450.00 aEN-103473 bDBAD/PUB a954 aArjun .R. Shankar aFrom cattles to battles till the break of colonial shackles :cby Arjun .R. Shankar [and] Shiju Alokan ; edited by P. Vinod Kumarbthe history of India / a[S.I]biRank an imprint of Dc Booksc201? a799p.c21cm(pbk) aIncludes bibliographical references and index aShiju Alokan aVinod Kumar, P.